[Event "AUT-chT2W 0203"]
[Site "Austria"]
[Date "2002.11.29"]
[Round "4"]
[White "Mair, Christoph"]
[Black "Wallis, Anton"]
[Result "1/2-1/2"]
[WhiteElo "1683"]
[BlackElo "2137"]
[PlyCount "36"]
[EventDate "2002.10.??"]
[EventType "team"]
[EventRounds "11"]
[EventCountry "AUT"]
[SourceTitle "EXT 2004"]
[Source "ChessBase"]
[SourceDate "2003.11.25"]
[SourceVersion "1"]
[SourceVersionDate "2003.11.25"]
[SourceQuality "1"]

1. d4 d5 2. Nf3 c6 3. e3 Nf6 4. Bd3 g6 5. Nbd2 Bf5 6. Ne5 Nbd7 7. f4 Bxd3 8. cxd3 Bg7 9. b3 0-0 10. 0-0 Ne8 11. Bb2 Nd6 12. Kh1 Re8 13. Qf3 f6 14. Nxd7 Qxd7 15. e4 dxe4 16. dxe4 f5 17. e5 Nb5 18. Qd3 Red8 1/2-1/2

[Event "AUT-chT2W 0203"]
[Site "Austria"]
[Date "2002.10.12"]
[Round "2"]
[White "Eiler, Gebhard"]
[Black "Wallis, Anton"]
[Result "1/2-1/2"]
[WhiteElo "2079"]
[BlackElo "2137"]
[PlyCount "37"]
[EventDate "2002.10.??"]
[EventType "team"]
[EventRounds "11"]
[EventCountry "AUT"]
[SourceTitle "EXT 2004"]
[Source "ChessBase"]
[SourceDate "2003.11.25"]
[SourceVersion "1"]
[SourceVersionDate "2003.11.25"]
[SourceQuality "1"]

1. d4 d5 2. Nf3 c6 3. e3 Bg4 4. Bd3 Nf6 5. Nbd2 e6 6. b3 Bb4 7. Bb2 Ne4 8. Bxe4 dxe4 9. h3 exf3 10. hxg4 fxg2 11. Rg1 Nd7 12. c3 Be7 13. Qf3 Qa5 14. Rxg2 0-0-0 15. a4 e5 16. Nc4 Qd5 17. e4 Qe6 18. 0-0-0 exd4 19. cxd4 1/2-1/2

[Event "AUT-ch"]
[Site "Oberpullendorf"]
[Date "2002.08.17"]
[Round "8"]
[White "Stadler, Peter"]
[Black "Wallis, Anton"]
[Result "1-0"]
[WhiteElo "2178"]
[BlackElo "2137"]
[PlyCount "77"]
[EventDate "2002.08.10"]
[EventType "swiss"]
[EventRounds "9"]
[EventCountry "AUT"]
[SourceTitle "CBM 089 Extra"]
[Source "ChessBase"]
[SourceDate "2002.09.10"]
[SourceVersion "2"]
[SourceVersionDate "2002.09.10"]
[SourceQuality "1"]

1. d4 d5 2. Nf3 Nf6 3. g3 c6 4. Bg2 Bf5 5. 0-0 e6 6. c4 Nbd7 7. b3 Bd6 8. Nc3 h6 9. Nd2 0-0 10. a3 Bc7 11. e4 dxe4 12. Ndxe4 Nxe4 13. Nxe4 Bxe4 14. Bxe4 Nf6 15. Bg2 Qd7 16. Bb2 Rad8 17. Qc2 Rfe8 18. Rad1 Qc8 19. Rfe1 a6 20. h3 Qb8 21. f4 h5 22. d5 cxd5 23. Bxf6 gxf6 24. cxd5 h4 25. dxe6 Kg7 26. exf7 Rxe1+ 27. Rxe1 Bb6+ 28. Kh1 Qd6 29. Qf5 Qd4 30. Be4 Kxf7 31. Qg6+ Ke7 32. Bf3+ Kf8 33. Qh6+ Kg8 34. Qxh4 Qf2 35. Qg4+ Kf8 36. Rc1 Be3 37. Bd5 Bxc1 38. Qg8+ Ke7 39. Qe6+ 1-0

[Event "AUT-ch"]
[Site "Oberpullendorf"]
[Date "2002.08.15"]
[Round "6"]
[White "Wallis, Anton"]
[Black "Kreindl, Helmut"]
[Result "1/2-1/2"]
[WhiteElo "2137"]
[BlackElo "2218"]
[PlyCount "55"]
[EventDate "2002.08.10"]
[EventType "swiss"]
[EventRounds "9"]
[EventCountry "AUT"]
[SourceTitle "CBM 089 Extra"]
[Source "ChessBase"]
[SourceDate "2002.09.10"]
[SourceVersion "2"]
[SourceVersionDate "2002.09.10"]
[SourceQuality "1"]

1. e4 d5 2. exd5 Nf6 3. d4 Nxd5 4. c4 Nb6 5. Nf3 Bg4 6. c5 N6d7 7. Nc3 e6 8. Be2 Be7 9. 0-0 Nc6 10. Be3 0-0 11. a3 a5 12. b4 axb4 13. axb4 Bf6 14. Rxa8 Qxa8 15. b5 Ne7 16. h3 Bxf3 17. Bxf3 c6 18. bxc6 bxc6 19. Ne4 Nd5 20. Nxf6+ N7xf6 21. Bg5 Nc3 22. Qa1 Nfd5 23. Bd2 Nb5 24. Qb2 Qa4 25. Be3 Ra8 26. Be2 Nbc3 27. Bf3 Nb5 28. Be2 1/2-1/2

[Event "AUT-ch"]
[Site "Oberpullendorf"]
[Date "2002.08.13"]
[Round "4"]
[White "Wallis, Anton"]
[Black "Hiermann, Dietmar"]
[Result "1/2-1/2"]
[WhiteElo "2137"]
[BlackElo "2249"]
[PlyCount "82"]
[EventDate "2002.08.10"]
[EventType "swiss"]
[EventRounds "9"]
[EventCountry "AUT"]
[SourceTitle "CBM 089 Extra"]
[Source "ChessBase"]
[SourceDate "2002.09.10"]
[SourceVersion "2"]
[SourceVersionDate "2002.09.10"]
[SourceQuality "1"]

1. e4 e5 2. Nf3 Nc6 3. Bc4 Bc5 4. d3 Nf6 5. c3 d6 6. 0-0 a6 7. Bb3 h6 8. Re1 0-0 9. h3 Ba7 10. Nbd2 Re8 11. Nf1 d5 12. exd5 Nxd5 13. d4 e4 14. N3d2 Na5 15. Nxe4 Nxb3 16. Qxb3 Re6 17. Bd2 Rg6 18. Nfg3 b5 19. a4 c6 20. axb5 cxb5 21. Qd1 Bb8 22. b3 Ra7 23. c4 Ne7 24. d5 f5 25. Ba5 Qd7 26. Nc5 Qd6 27. Bb4 a5 28. Rxa5 Rxg3 29. fxg3 Rxa5 30. Nd3 Qxg3 31. Bxa5 bxc4 32. bxc4 Nxd5 33. Qf3 Qh2+ 34. Kf1 Nf6 35. Nf2 Ba6 36. Qc6 Qd6 37. Qxd6 Bxd6 38. Rc1 Kf7 39. Nd3 Ne4 40. Be1 Ke6 41. Ke2 g5 1/2-1/2

[Event "AUT-chT2W 0102"]
[Site "Austria"]
[Date "2001.11.23"]
[Round "4.3"]
[White "Wallis, Anton"]
[Black "Duer, Arne"]
[Result "0-1"]
[WhiteElo "2211"]
[BlackElo "2365"]
[PlyCount "66"]
[EventDate "2001.10.12"]
[EventType "team"]
[EventRounds "11"]
[EventCountry "AUT"]
[SourceTitle "EXT 2002"]
[Source "ChessBase"]
[SourceDate "2001.11.25"]
[SourceVersion "1"]
[SourceVersionDate "2001.11.25"]
[SourceQuality "1"]

1. e4 c5 2. Nf3 e6 3. d4 cxd4 4. Nxd4 Nf6 5. Nc3 d6 6. Be2 a6 7. f4 Nbd7 8. Bf3 Qb6 9. a4 Be7 10. a5 Qc7 11. 0-0 0-0 12. Be3 Re8 13. Qd2 Bf8 14. Nde2 Rb8 15. g4 h6 16. h4 b5 17. g5 hxg5 18. hxg5 Nh7 19. Kg2 Bb7 20. Rh1 g6 21. Qe1 Bg7 22. Qh4 Ndf8 23. Bb6 Qe7 24. Rad1 b4 25. Na4 Rbc8 26. Rd2 Rc4 27. b3 Rxe4 28. Kf2 e5 29. Bxe4 Bxe4 30. Rh3 exf4 31. Qxf4 Nxg5 32. Rg3 Nge6 33. Re3 Nxf4 0-1